000 00911cam a2200289 a 4500
008
020 _a9781138808348 (pbk.)
049 _aMAIN
090 _aREF T55
_bHUG
100 1 _aHughes, Phil.
245 1 0 _aEasy guide to health and safety /
_cPhil Hughes and Liz Hughes.
250 _a2nd. ed.
260 _aLondon :
_bRoutledge,
_c2015.
300 _axiii, 292 p. :
_bill. (some col.) ;
_c24 cm.
500 _aIncludes index.
504 _aIncludes bibliographical references.
650 0 _aIndustrial hygiene.
650 0 _aIndustrial safety.
650 0 _aIndustrial hygiene
_xLaw and legislation
_zGreat Britain.
650 0 _aIndustrial safety
_xLaw and legislation
_zGreat Britain.
700 1 _aHughes, Liz.
907 _a.b10375454
_b23-10-17
_c19-09-16
003
005 20230123122317.0
040 _cNUST
942 _cBOOKS
_kREF T55
_mHUG
999 _c131439
_d131439